000 01490cab a2200385 4500
001 ABS44853
008 090401t1991 xxu||||| |||| 00| 0 eng d
035 _a(Sirsi) u49469
041 _aeng
100 _aWilliams, D.
245 _aLandlord and tenant - repairs update
260 _c1991
350 _a0
490 _aEstates Gazette
_v(9125) 29 June 1991, 107-110(3)
490 _aCommercial Leases
_v17(2) February 2003, 716-718(3)
520 _aSummarises trends in repair and dilapidation legislation and case law over the past two years covering repairing covenants , the definition of ` demised premises ` and disrepair .
650 _aASSOCIATED BRITISH PORTS V CH BAILEY PLC
650 _aCITY OFFICES REGENT STREET LTD V EUROPA ACCEPTANCE GROUP PLC
650 _aCULWORTH ESTATES LTD V SOCIETY OF LICENSED VITUALLERS
650 _aDAVIES V YADEGAR
650 _aHAINES V FLORENSA
650 _aHATFIELD V MOSS
650 _aHOLDING AND MANAGEMENT LTD V PROPERTY HOLDING AND INVESTMENT TRUST
650 _aJACOB ISBICKI AND CO LTD V GOULDING AND BIRD LTD
650 _aLORIA V HAMMER
650 _aMCDOUGALL V EASINGTON DC
650 _aPLOUGH INVESTMENTS LTD V MANCHESTER CC
650 _aRAVENSEFT PROPERTIES LTD V DAVSTONE HOLDINGS LTD
650 _aRESTON LTD V HUDSON
650 _aRICH INVESTMENTS LTD V CAMGATE LITHO LTD
650 _aTAYLOR V VETAPIKE LTD
690 _aLandlord and tenant
_96252
942 _n0
948 _c04/03/1997
999 _c30960
_d30960